Emmy By Image (Comedy) Quiz Stats

Quiz Updated Sep 20, 2013

Also try: TV Comedy by Scene
Challenge
Share
Tweet
Score 0/30 Timer 08:00
1 Play Today
% Correct
Seinfeld
93.6%
Friends
93.3%
The Office
92.6%
I Love Lucy
92.6%
M*A*S*H
92%
The Golden Girls
90.9%
30 Rock
90.4%
The Cosby Show
90.3%
Everybody Loves Raymond
89.5%
Sex and the City
88.3%
Cheers
87.4%
Frasier
85.1%
Will & Grace
81.8%
Modern Family
81%
All in the Family
71.3%
% Correct
Taxi
65.6%
The Wonder Years
65.1%
The Dick Van Dyke Show
63.5%
Arrested Development
61.8%
The Mary Tyler Moore Show
61.6%
Ally McBeal
60.6%
The Monkees
58.9%
Get Smart
58.6%
Murphy Brown
53.8%
Barney Miller
37.9%
The Phil Silvers Show
25.2%
Make Room for Daddy
24.4%
The Bob Newhart Show (1961)
22.8%
The Jack Benny Show
20.9%
My World and Welcome to It
4%

You're not logged in!

Compare scores with friends on all Sporcle quizzes.
Join for Free
OR
Log In

You Might Also Like...

Show Comments

Extras

Top Quizzes Today


Score Distribution

Your Account Isn't Verified!

In order to create a playlist on Sporcle, you need to verify the email address you used during registration. Go to your Sporcle Settings to finish the process.

Report this User

Report this user for behavior that violates our Community Guidelines.

Details: